000 00327nam a22001337a 4500
008 171123b xxu||||| |||| 00| 0 eng d
020 _a9780721686134
041 _aeng
080 _22ND
_a61
100 _a4
101 _aMJE
245 _aSAY IT IN SPANISH A GUIDE FOR HEALTH CARE PROFESSIONALS
_cJOYCE,E.V
942 _2udc
_cBK
999 _c38359
_d38359